| 000 | 01107nam a2200133Ia 4500 | ||
|---|---|---|---|
| 008 | 220615s9999||||xx |||||||||||||| ||und|| | ||
| 020 | _a9780260000000 | ||
| 245 | 0 |
_aMaking Open Development Inclusive _bLessons from IDRC Research |
|
| 546 | _aEnglish[eng] | ||
| 650 | _aaccess||broadband||collaborative science||communications||connectivity||crowdsourcing||data||development||digital economy||ecology||economics||education||educational resources||entrepreneurship||equity||gender||geography||global||global development||global markets||government||health||inclusion||inequality||information||information science||innovation hubs||internet||knowledge||knowledge exchange||logistics||marginality||MOOCs||NGOs||OCSDNet||online platforms||open access||open data||open innovation||openness||open science||policy||politics||public resources||Reddit||resource distribution||social inclusion||technology||telecommunications||telecommunications reform||U.N.||UNDP||university||wi-fi | ||
| 700 | _aSmith, Matthew L.||Seward, Ruhiya Kristine | ||
| 856 | _uhttps://doi.org/10.7551/mitpress/11635.001.0001 | ||
| 942 | _cEB | ||
| 999 |
_c18750 _d18750 |
||